| 000 | 00475nam a22001817a 4500 | ||
|---|---|---|---|
| 999 |
_c11725 _d11725 |
||
| 008 | 201231b ||||| |||| 00| 0 eng d | ||
| 020 | _a9781259027406 | ||
| 082 |
_a658.152 _bBLA |
||
| 100 | _a Blank, Leland | ||
| 245 | _aEngineering economy | ||
| 250 | _a7th Ed. | ||
| 260 |
_aNew Delhi _bMcGraw Hill Education Pvt. Ltd. (India) _c2013 |
||
| 300 |
_axx,620p. _bPBC |
||
| 650 | _aEngineering economy | ||
| 650 | _aEconomics | ||
| 700 | _aTarquin, Anthony | ||
| 942 | _cBK | ||